000 00846cam a22002773a 4500
001 3023
003 PGUSA
005 20140828083024.0
008 020101s2002||||xxu|||||s|||||000 p eng d
040 _aPGUSA
_beng
042 _adc
050 4 _aPT
100 1 _aGoethe, Johann Wolfgang von,
_d1749-1832
245 1 0 _aFaust — Part 1
_h[electronic resource] /
_cJohann Wolfgang von Goethe
260 _bProject Gutenberg,
_c2002
500 _aTranslation of: Faust, 1. Theil
506 _aPublic domain in the USA.
516 _aElectronic text
653 _aMagicians -- Drama
653 _aGerman poetry -- Translations into English
653 _aFaust, -approximately 1540 -- Drama
653 _aLegends -- Germany -- Drama
830 0 _aProject Gutenberg
_v3023
856 4 0 _uhttp://www.gutenberg.org/ebooks/3023
942 _cEB
999 _c232352
_d232352